[Event "Caorle op-B"]
[Site "Caorle"]
[Date "1991.07.10"]
[Round "5.45"]
[White "Ferracin, Nicola"]
[Black "Carnio, Fortunato"]
[Result "0-1"]
[WhiteElo "1860"]
[BlackElo "1734"]
[PlyCount "115"]
[EventDate "1991.07.05"]
[EventType "swiss"]
[EventRounds "8"]
[EventCountry "ITA"]
[SourceTitle "EXT 2023"]
[Source "ChessBase"]
[SourceDate "2022.10.05"]
[SourceVersion "1"]
[SourceVersionDate "2022.10.05"]
[SourceQuality "1"]

1. d4 Nf6 2. c4 e6 3. Nc3 Bb4 4. a3 Bxc3+ 5. bxc3 Ne4 6. Nf3 b6 7. Qc2 Bb7 8. e3 0-0 9. Bd3 f5 10. Bb2 Na6 11. 0-0 d6 12. d5 exd5 13. cxd5 Nac5 14. c4 c6 15. dxc6 Bxc6 16. Nd4 Bb7 17. Rad1 Qg5 18. f3 Nf6 19. f4 Qh5 20. Bxf5 Rae8 21. Nb5 Nce4 22. Bxe4 Bxe4 23. Qc3 Qg6 24. Rd2 Rd8 25. g3 Nh5 26. Rfd1 d5 27. cxd5 a6 28. Nc7 Rf7 29. Kf2 Qg4 30. Rf1 Nf6 31. Ke1 Bf5 32. Qe5 Ne4 33. Rd4 Nc5 34. Ne6 Nd3+ 35. Rxd3 Bxd3 36. Rf2 Re8 37. Qg5 Qxg5 38. Nxg5 Rd7 39. Ne6 Rxd5 40. Nc7 Rxe3+ 41. Kd2 Rd7 42. Kxe3 Bb1 43. Na8 Rd3+ 44. Ke2 Rb3 45. Kf1 Bd3+ 46. Kg1 Be4 47. Rd2 Bxa8 48. Be5 Bc6 49. Rd8+ Kf7 50. Rc8 Be4 51. Rc7+ Ke6 52. Bxg7 Rxa3 53. g4 Ra2 54. f5+ Kd6 55. Ra7 Rg2+ 56. Kf1 Rxg4 57. f6 Bg6 58. Rxa6 0-1

[Event "Caorle op-B"]
[Site "Caorle"]
[Date "1991.07.06"]
[Round "1.46"]
[White "Sterle, Giulio"]
[Black "Carnio, Fortunato"]
[Result "1-0"]
[WhiteElo "1863"]
[BlackElo "1734"]
[PlyCount "63"]
[EventDate "1991.07.05"]
[EventType "swiss"]
[EventRounds "8"]
[EventCountry "ITA"]
[SourceTitle "EXT 2023"]
[Source "ChessBase"]
[SourceDate "2022.10.05"]
[SourceVersion "1"]
[SourceVersionDate "2022.10.05"]
[SourceQuality "1"]

1. c4 Nf6 2. d4 e6 3. Nc3 b6 4. e4 Bb4 5. Bd3 Bb7 6. f3 h6 7. Nge2 Nc6 8. Be3 d6 9. 0-0 Bxc3 10. Nxc3 0-0 11. Rc1 e5 12. d5 Ne7 13. b4 Ng6 14. Qd2 Qe7 15. c5 Nh5 16. Ne2 Rfd8 17. Rc3 dxc5 18. bxc5 bxc5 19. Bxc5 Qd7 20. Rb1 c6 21. Rcb3 Bc8 22. Qa5 Nhf4 23. Nxf4 Nxf4 24. Bf1 f6 25. dxc6 Qd2 26. Qxd2 Rxd2 27. Rb8 Rxb8 28. Rxb8 Rd8 29. Ba6 Rd1+ 30. Kf2 Rd2+ 31. Ke1 Rxa2 32. Bc4+ 1-0